Les pseudonymes d'Arsène Lupin - Statistiques

Statistiques générales
  • Ce quiz a été pris 15 fois
  • Le résultat moyen est 3 sur 47
Statistiques - réponses
Livre Indice Pseudonyme % Correct
813 Anagramme Paul Sernine
57%
La femme aux deux sourires 1925 Raoul
29%
Arsène Lupin, gentleman cambrioleur Inspecteur Grimaudan
21%
Le bouchon de cristal Collectionneur Michel Beaumont
21%
Les confidences d'Arsène Lupin Inspecteur de la Sûreté Delangle
14%
Arsène Lupin, gentleman cambrioleur Chevalier Floriani
14%
L'aiguille creuse Mariage Louis Valméras
14%
813 Commissaire M. Lenormand
14%
La comtesse de Cagliostro Mariage Raoul d'Andrésy
14%
Les huit coups de l'horloge Prince Serge Rénine
14%
Arsène Lupin, gentleman cambrioleur Cousin Bernard d'Andrésy
7%
Arsène Lupin, gentleman cambrioleur Clochard Désiré Baudru
7%
Les confidences d'Arsène Lupin Artiste-peintre Horace Velmont
7%
Arsène Lupin contre Herlock Sholmes Première rencontre Jean Daspry
7%
La barre-y-va 1923 Raoul d'Avenac
7%
La demoiselle aux yeux verts Auxiliaire de police Sauvinoux
7%
813 Dolorès Kesselbach André Beauny
0%
Le dernier amour d'Arsène Lupin Capitaine André de Savery
0%
L'aiguille creuse Baron locataire Anfredi
0%
813 Directeur d'agence Barbareux
0%
Arsène Lupin, gentleman cambrioleur Colonel Beauvel
0%
L'aiguille creuse Homme d'affaires Etienne de Vaudreix
0%
Arsène Lupin contre Herlock Sholmes Rue Crevaux Félix Davey
0%
Arsène Lupin, gentleman cambrioleur En fuite Guillaume Beriat
0%
Les confidences d'Arsène Lupin Enlévement Jacques d'Amboise
0%
Arsène Lupin (pièce) Explorateur Jacques de Charmerace
0%
Les confidences d'Arsène Lupin Sauveteur capitaine Janniot
0%
Le cabochon d'émeraude Demeure Jean d'Enneris
0%
Les confidences d'Arsène Lupin Ministre Jean Dubreuil
0%
L'agence Barnett et Cie Détective Jim Barnett
0%
L'agence Barnett et Cie Baron Laureins
0%
813 Sans patronyme Le Colonel
0%
Les dents du tigre Locataire Lecoq
0%
Les dents du tigre Anagramme Luis Peranna
0%
Victor de la Brigade mondaine Péruvien Marcos Avisto
0%
Arsène Lupin contre Herlock Sholmes Entrepreneur Maxime Bermond
0%
Arsène Lupin contre Herlock Sholmes Entrepreneur Maxime Bermond
0%
Le bouchon de cristal Professeur Nicole
0%
Les confidences d'Arsène Lupin Jeanne Darcieux Paul Daubreuil
0%
Les milliards d'Arsène Lupin Anagramme Paule Sinner
0%
La Cagliostro se venge Voyageur Raoul d'Averny
0%
La demoiselle aux yeux verts Explorateur Raoul de Limézy
0%
Les confidences d'Arsène Lupin 1927 Raoul d'Enneris
0%
Arsène Lupin, gentleman cambrioleur Apprenti-prestidigitateur Rostat
0%
Les confidences d'Arsène Lupin Colonel brésilien Sparmiento
0%
L'agence Barnett et Cie Valet de chambre Sylvestre
0%
Victor de la Brigade mondaine Fonctionnaire de police Victor Hautin
0%
Aucun quiz correspondant
Distribution des résultats
% des personnes avec chaque résultat
Percentile par nombre de réponses
Votre historique - résultats
Vous n’avez pas pris ce quiz